书目信息 |
| 题名: |
跟着河流回家
|
|
| 作者: | 林莉 著 | |
| 分册: | ||
| 出版信息: | 北京 中国言实出版社 2022 |
|
| 页数: | 172页 | |
| 开本: | 21cm | |
| 丛书名: | 新时代诗库 | |
| 单 册: | ||
| 中图分类: | I227.3 | |
| 科图分类: | ||
| 主题词: | 叙事诗--诗集--中国--当代 | |
| 电子资源: | ||
| ISBN: | 978-7-5171-3878-5 | |
| 000 | 00989nam0 2200277 450 | |
| 001 | 012170212 | |
| 005 | 20240904061325.9 | |
| 010 | @a978-7-5171-3878-5@b精装@dCNY58.00 | |
| 100 | @a20230301d2022 em y0chiy0120 ea | |
| 101 | 0 | @achi |
| 102 | @aCN@b110000 | |
| 105 | @ay z 000gy | |
| 106 | @ar | |
| 200 | 1 | @a跟着河流回家@9gen zhe he liu hui jia@f林莉著 |
| 210 | @a北京@c中国言实出版社@d2022 | |
| 215 | @a172页@d21cm | |
| 225 | 1 | @a新时代诗库 |
| 300 | @a中国作协“深入生活,扎根人民”主题重点作品扶持项目、江西文化艺术基金资助项目 | |
| 330 | @a本书分为序曲、风物、众生、节气、田园、大河六个篇章,以中国最美乡村婺源篁岭为原型,用原生态、亲历、野趣、带着泥土味的实践,去探寻揭示生命共同体中人与人、人与自我、人与社会、人与自然和谐共生、同频共振的奥秘。 | |
| 461 | 0 | @12001 @a新时代诗库 |
| 586 | @a | |
| 606 | 0 | @a叙事诗@x诗集@y中国@z当代 |
| 690 | @aI227.3@v5 | |
| 701 | 0 | @a林莉@9lin li@c(女)@4著 |
| 801 | 0 | @aCN@c20240904 |
| 905 | @dI227@eL252-2:1@f1@sI227/L252-2:1@S@Z | |
| 跟着河流回家/林莉著.-北京:中国言实出版社,2022 |
| 172页;21cm.-(新时代诗库) |
| 中国作协“深入生活,扎根人民”主题重点作品扶持项目、江西文化艺术基金资助项目 |
| ISBN 978-7-5171-3878-5(精装):CNY58.00 |
| 本书分为序曲、风物、众生、节气、田园、大河六个篇章,以中国最美乡村婺源篁岭为原型,用原生态、亲历、野趣、带着泥土味的实践,去探寻揭示生命共同体中人与人、人与自我、人与社会、人与自然和谐共生、同频共振的奥秘。 |
| ● |
| 相关链接 |
|
|
|
正题名:跟着河流回家
索取号:I227/L252-2:1
 
预约/预借
| 序号 | 登录号 | 条形码 | 馆藏地/架位号 | 状态 | 备注 |
| 1 | 21613511 | 216135117 | 文学库108/108文学库 18排6列3层/ [索取号:I227/L252-2:1] | 在馆 |